Science Quiz

Random Science Quiz
Score 0/123 Timer 20:00
0 Plays Today
Answer % Correct
Penicillin G
70.3%
Amoxicillin
68.4%
Ampicillin
68.4%
Penicillin V
65.6%
Ceftriaxone
62.3%
Piperacillin
58%
Tazobactam
57.5%
Doxycycline
56.1%
Erythromycin
54.7%
Sulbactam
53.8%
Azithromycin
53.3%
Cefepime
51.4%
Nafcillin
50.5%
Fluconazole
50%
Gentamicin
49.1%
Streptomycin
49.1%
Streptomycin
49.1%
Oxacillin
48.6%
Aztreonam
47.6%
Clavulanic Acid
47.2%
Clarithromycin
46.7%
Ciprofloxacin
46.7%
Acyclovir
46.7%
Cefazolin
46.2%
Imipenem
46.2%
Rifampin
45.8%
Ticarcillin
45.3%
Sulfamethoxazole
44.3%
Tetracycline
42.9%
Amphotericin B
42.9%
Vancomycin
42.5%
Isoniazid
42%
Meropenem
41.5%
Trimethoprim
40.6%
Ethambutol
40.6%
Ceftaroline
39.6%
Dicloxacillin
38.2%
Tobramycin
38.2%
Ganciclovir
38.2%
Cephalexin
37.7%
Amikacin
37.7%
Answer % Correct
Levofloxacin
37.3%
Ketoconazole
36.8%
Ribavirin
36.3%
Clindamycin
35.8%
Ceftazidime
35.4%
Nystatin
34.9%
Oseltamivir
34.9%
Pyrazinamide
34.4%
Itraconazole
34.4%
Neomycin
34%
Foscarnet
34%
Minocycline
33.5%
Metronidazole
33.5%
Mebendazole
33.5%
Cefotaxime
33%
Maraviroc
32.5%
Praziquantel
32.1%
Griseofulvin
31.6%
Ritonavir
30.2%
Cefuroxime
29.2%
Ertapenem
29.2%
Moxifloxacin
29.2%
Voriconazole
29.2%
Zanamivir
28.3%
Zidovudine
28.3%
Chloramphenicol
27.4%
Rifabutin
27.4%
Caspofungin
26.9%
Enfuvirtide
26.9%
Doripenem
26.4%
Linezolid
25.9%
Sulfadiazine
25%
Ofloxacin
24.5%
Daptomycin
24.5%
Clotrimazole
24.5%
Valacyclovir
24.5%
Abacavir
24.5%
Tenofovir
24.5%
Efavirenz
24.1%
Didanosine
23.6%
Ivermectin
22.6%
Answer % Correct
Pyrantel Pamoate
22.2%
Lamivudine
22.2%
Indinavir
22.2%
Cefaclor
21.7%
Cefoxitin
21.2%
Terbinafine
21.2%
Saquinavir
21.2%
Raltegravir
21.2%
Sulfisoxazole
20.8%
Flucytosine
20.8%
Chloroquine
20.8%
Famciclovir
20.8%
Dapsone
20.3%
Anidulafungin
19.8%
Micafungin
19.8%
Miconazole
19.8%
Darunavir
19.8%
Cidofovir
19.3%
Sofosbuvir
18.9%
Norfloxacin
18.4%
Lindane
18.4%
Delavirdine
18.4%
Permethrin
17.9%
Suramin
17.5%
Stavudine
17%
Nevirapine
17%
Simeprevir
16.5%
Gemifloxacin
15.1%
Pyrimethamine
15.1%
Melarsoprol
15.1%
Sodium Stibogluconate
15.1%
Diethylcarbamazine
14.6%
Atazanavir
14.6%
Nifurtimox
14.2%
Enoxacin
13.7%
Malathion
13.7%
Elvitegravir
12.3%
Lopinavir
11.8%
Dolutegravir
11.8%
Emtricitabine
10.4%
Fosamprenavir
7.5%
Come Together.
Have Fun.
All Virtual.
We all need to come together. Play Sporcle's virtual live trivia to have fun, connect with people, and get your trivia on. Join a live hosted trivia game for your favorite pub trivia experience done virtually. If a virtual private party is more your thing, go here for details.

You're not logged in!

Compare scores with friends on all Sporcle quizzes.
OR
Log In

Sporcle TV

Today on Sporcle TV


Watch our educational content, quiz creation guides, and fun videos on Sporcle TV.

You Might Also Like...

Show Comments

Extras

Top Quizzes Today


Score Distribution

Paid Content

Your Account Isn't Verified!

In order to create a playlist on Sporcle, you need to verify the email address you used during registration. Go to your Sporcle Settings to finish the process.

Report this User

Report this user for behavior that violates our Community Guidelines.

Details: